000 00465nam a22001812 4500
001 0000005475
005 20151217160104.0
008 070614s xx 000 0 eng d
040 _aKABU
_cKABU
050 0 _aPE1119
_b.V4L58
100 1 _aVerjee, Zain.
_@0000156766
245 1 0 _aLive and on the air.
260 _aNairobi :
_bOUP,
_c2000.
300 _a36 p.
908 _a070614
950 _@1
999 _c14045
_d14045